<?xml version="1.0" encoding="UTF-8"?>
<collection xmlns="http://www.loc.gov/MARC21/slim">
 <record>
  <leader>00926pamaa2200241   4500</leader>
  <controlfield tag="001">0000042298</controlfield>
  <controlfield tag="005">20121212090000.0</controlfield>
  <controlfield tag="008">070724                             eng  </controlfield>
  <datafield tag="020" ind1="0" ind2="0">
   <subfield code="a">0198528663 (flexicover : alk. paper) </subfield>
  </datafield>
  <datafield tag="090" ind1="0" ind2="0">
   <subfield code="a">RC582 </subfield>
   <subfield code="b">OXF 2006</subfield>
  </datafield>
  <datafield tag="245" ind1="1" ind2="0">
   <subfield code="a">OXFORD handbook of clinical immunology and allergy  </subfield>
   <subfield code="c">edited by Gavin P Spickett.</subfield>
  </datafield>
  <datafield tag="250" ind1="0" ind2="0">
   <subfield code="a">2nd ed..</subfield>
  </datafield>
  <datafield tag="260" ind1="0" ind2="0">
   <subfield code="a">Oxford ; New York: </subfield>
   <subfield code="b">Oxford University Press, </subfield>
   <subfield code="c">2006.</subfield>
  </datafield>
  <datafield tag="300" ind1=" " ind2=" ">
   <subfield code="a">xxviii, 549 p.; </subfield>
   <subfield code="c">19 cm.</subfield>
  </datafield>
  <datafield tag="440" ind1="0" ind2="0">
   <subfield code="a">Oxford handbooks</subfield>
  </datafield>
  <datafield tag="500" ind1="0" ind2="0">
   <subfield code="a">Rev. ed. of: Oxford handbook of clinical immunology / Gavin Spickett. 1999</subfield>
  </datafield>
  <datafield tag="501" ind1="0" ind2="0">
   <subfield code="a">SAH</subfield>
  </datafield>
  <datafield tag="504" ind1="0" ind2="0">
   <subfield code="a">Includes bibliographical references and index</subfield>
  </datafield>
  <datafield tag="650" ind1="0" ind2="0">
   <subfield code="a">Clinical immunology -- </subfield>
   <subfield code="x">Handbooks, manuals, etc. </subfield>
  </datafield>
  <datafield tag="650" ind1="0" ind2="0">
   <subfield code="a">Immunologic diseases -- </subfield>
   <subfield code="x">Diagnosis -- </subfield>
   <subfield code="x">Handbooks, manuals, etc </subfield>
  </datafield>
  <datafield tag="650" ind1="0" ind2="0">
   <subfield code="a">Hypersensitivity -- </subfield>
   <subfield code="x">Handbooks </subfield>
  </datafield>
  <datafield tag="700" ind1="1" ind2="1">
   <subfield code="a">Spickett, </subfield>
   <subfield code="h">Gavin </subfield>
  </datafield>
  <datafield tag="901" ind1=" " ind2=" ">
   <subfield code="u">http://www.oup.com</subfield>
  </datafield>
 </record>
</collection>
